| 000 | 02922cam a2200397 i 4500 | ||
|---|---|---|---|
| 003 | SA-RiAUC | ||
| 005 | 20250914142258.0 | ||
| 008 | 250910s2009 ku g b f000 0 ara c | ||
| 020 | _a9789990695281 | ||
| 024 | 0 | _a00000000976400 | |
| 040 |
_aSA-MaMIU _bara _cSA-RiAUC _dKW-KwMAI _erda |
||
| 043 | _aa-ja--- | ||
| 050 | 4 | _bN84 2009 | |
| 082 | 0 | 4 |
_a303.4825201761 _qSA-RiAUC |
| 090 |
_a303.4825201761 _bا ب ر |
||
| 100 | 1 |
_aإبراهيم، سمير عبد الحميد، _d1946- _eمؤلف. |
|
| 245 | 1 | 0 |
_aجسور التواصل الحضاري بين العالم الإسلامي واليابان / _cأ. د. سمير عبد الحميد نوح. |
| 250 | _aالطبعة الأولى. | ||
| 264 | 1 |
_aالكويت : _bوزارة الأوقاف والشؤون الإسلامية، قطاع الشؤون الثقافية، إدارة الثقافة الإسلامية، _c2009. |
|
| 300 |
_a225 صفحة ؛ _b21 × 14 سم. |
||
| 336 |
_aنص _btxt _2rdacontent _3كتاب |
||
| 337 |
_aبدون وسيط _bn _2rdamedia |
||
| 338 |
_aمجلد _bnc _2rdacarrier |
||
| 490 | 1 |
_aروافد. _aإسهام ؛ _v23 |
|
| 504 | _aيشتمل على إرجاعات ببليوجرافية. | ||
| 506 | 0 | _aيهدى ولا يباع. | |
| 520 | _aيتناول كتاب (جسور التواصل الحضاري بين العالم الإسلامي واليابان) والذي قام بتأليفه د. سمير عبد الحميد نوح، موضوع (التواصل الحضاري) الكتاب يناقش ملامح الثقافة العربية الإسلامية مع اليابان، من خلال الاتصال المباشر بين الدارسين اليابانيين والعلماء العرب والمسؤلين الرسميين، من خلال قيام المراكز البحثية اليابانية بتخريج دفعات من الباحثين اليابانيين المهتمين بشؤون البلدان العربية، والذين يتقنون اللغة العربية؛ إذ بدأ اليابانيون يهتمون باللغة العربية والإسلام، ونشطت أقسام اللغة العربية والثقافة الإسلامية ومقارنة الأديان في جامعات اليابان، فكانت النتيجة ظهور عدد من المستعربين اليابانيين.. وكانت الدعوة إلى الحوار بين اليابان والعالم الإسلامي. | ||
| 520 | 0 | _aالعلاقات الثقافية. | |
| 651 | 7 |
_aالبلاد الإسلامية _xعلاقات _zاليابان _2aucsh |
|
| 651 | 7 |
_aاليابان _xعلاقات _zالبلاد الإسلامية _2aucsh |
|
| 830 | 0 |
_aروافد. _pإسهام _v23 |
|
| 856 | 4 | _u127 | |
| 942 |
_2ddc _cBOOK _n0 |
||
| 949 |
_aSA-JeALM _d250910 _umohamedma123 _n1 |
||
| 999 |
_c11700 _d11700 |
||